Medical microbiology : (Record no. 275)

MARC details
000 -LEADER
fixed length control field 00979cam a22003138a 4500
001 - CONTROL NUMBER
control field 14572291
003 - CONTROL NUMBER IDENTIFIER
control field OSt
005 - DATE AND TIME OF LATEST TRANSACTION
control field 20251105020003.0
008 - FIXED-LENGTH DATA ELEMENTS--GENERAL INFORMATION
fixed length control field 060927s2007 stk b 001 0 eng
010 ## - LIBRARY OF CONGRESS CONTROL NUMBER
LC control number 2006051699
020 ## - INTERNATIONAL STANDARD BOOK NUMBER
International Standard Book Number 9780443102097
020 ## - INTERNATIONAL STANDARD BOOK NUMBER
International Standard Book Number 0443102090
035 ## - SYSTEM CONTROL NUMBER
System control number (DNLM)101288841
040 ## - CATALOGING SOURCE
Original cataloging agency DNLM/DLC
Transcribing agency DLC
Modifying agency DLC
042 ## - AUTHENTICATION CODE
Authentication code pcc
050 00 - LIBRARY OF CONGRESS CALL NUMBER
Classification number QR46
Item number .M35 2007
082 00 - DEWEY DECIMAL CLASSIFICATION NUMBER
Classification number QW4 M467d 2007
100 ## - MAIN ENTRY--PERSONAL NAME
Personal name Edited by David Greenwood [et... al]
9 (RLIN) 11246
245 00 - TITLE STATEMENT
Title Medical microbiology :
Remainder of title a guide to microbial infections; pathogenesis, immunity, laboratory diagnosis, and control
250 ## - EDITION STATEMENT
Edition statement 17th ed.
260 ## - PUBLICATION, DISTRIBUTION, ETC. (IMPRINT)
Place of publication, distribution, etc. Edinburgh;
Name of publisher, distributor, etc. Churchill Livingstone,
Date of publication, distribution, etc. 2007.
263 ## - PROJECTED PUBLICATION DATE
Projected publication date 0706
300 ## - PHYSICAL DESCRIPTION
Extent xiv, 738p. ;
Dimensions 25 cm.
Other physical details col.ill
504 ## - BIBLIOGRAPHY, ETC. NOTE
Bibliography, etc Includes bibliographical references and index.
650 #0 - SUBJECT ADDED ENTRY--TOPICAL TERM
Topical term or geographic name as entry element Medical microbiology.
9 (RLIN) 741
650 12 - SUBJECT ADDED ENTRY--TOPICAL TERM
Topical term or geographic name as entry element Infection bacteria
9 (RLIN) 742
906 ## - LOCAL DATA ELEMENT F, LDF (RLIN)
a 7
b cbc
c orignew
d 1
e ocip
f 20
g y-gencatlg
942 ## - ADDED ENTRY ELEMENTS (KOHA)
Source of classification or shelving scheme Other/Generic Classification Scheme
Koha item type Book Bank
Koha issues (borrowed), all copies 2
Holdings
Withdrawn status Lost status Source of classification or shelving scheme Damaged status Not for loan Home library Current library Date acquired Source of acquisition Inventory number Total Checkouts Full call number Barcode Date last seen Date last checked out Koha item type Checked out
    Other/Generic Classification Scheme     MUST Main Library Faculty of Interdisciplinary Studies Library 30/07/2014 Purchase 08/30553 3 QW 4 M467d 2007 2014-1600 19/10/2023 05/10/2023 Book Bank  
    Other/Generic Classification Scheme     MUST Main Library MUST Main Library 23/07/2014   08/30558 2 QW 4 M467d 2007 2014-1381 04/06/2024 25/10/2023 Book Bank  
    Other/Generic Classification Scheme     MUST Main Library MUST Main Library 23/07/2014   08/30551 6 QW 4 M467d 2007 2014-1382 08/01/2026 12/09/2025 Book Bank  
    Other/Generic Classification Scheme     MUST Main Library MUST Main Library 23/07/2014   08/30552 6 QW 4 M467d 2007 2014-1383 04/11/2025 04/11/2025 Book Bank 18/11/2025
    Other/Generic Classification Scheme     MUST Main Library MUST Main Library 23/07/2014   08/30560 6 QW 4 M467d 2007 2014-1384 20/11/2025 25/08/2025 Book Bank  
    Other/Generic Classification Scheme     MUST Main Library MUST Main Library 23/07/2014   08/30557   QW 4 M467d 2007 2014-1385 23/07/2014   Book Bank  
    Other/Generic Classification Scheme     MUST Main Library MUST Main Library 23/07/2014   08/30554 5 QW 4 M467d 2007 2014-1386 05/04/2023 06/02/2023 Book Bank  
    Other/Generic Classification Scheme     MUST Main Library MUST Main Library 30/07/2014   08/30550 5 QW 4 M467d 2007 2014-1601 14/08/2025 20/02/2023 Book Bank  
    Other/Generic Classification Scheme     MUST Main Library MUST Main Library 30/07/2014   08/30559 2 QW 4 M467d 2007 2014-1602 20/01/2021 05/02/2020 Book Bank  
    Other/Generic Classification Scheme     MUST Main Library MUST Main Library 22/10/2014   08/30548   QW 4 M467d 2007 2014-3089 22/10/2014   Short Loan  
    Other/Generic Classification Scheme     MUST Main Library MUST Main Library 26/08/2015   14/38621   QW 4 M467d 2007 2015-2137 26/08/2015   Book Bank  
    Other/Generic Classification Scheme     MUST Main Library MUST Main Library 27/03/2023 Purchase 08/30555 1 QW4 M467d 2007 2023-0403 04/01/2024 28/10/2023 Book Bank